000 00709nas a2200241 4500
001 BR9210378
003 BR-BrBNA
005 20231205093352.0
007 ta
008 230509b bl.|||p| |||| 00| 00por d
040 _aBR-BrBNA
_bpor
_cBiblioteca Nacional de Agricultura
041 _a(Pt)
072 _aQ03
100 1 _aBelem, M.A.F.
245 1 _aPrevencao do colera (higiene de alimento)
650 _aHIGIENE DE ALIMENTO
650 _aINDUSTRIA ALIMENTICIA
650 _aCOLERA
650 _aCONTAMINACAO BACTERIANA
773 0 _tIndustria de Panificacao Brasileira (Brazil)
_x
_g(May 1992), v. 57(607) p. 50-53
_wBR9210378
909 _a202311
_bLúcia
_c55
_dLúcia Elande
942 _2AGRIS
_n0
_cANA
999 _c137862
_d137862